[Event "EU-chT 25th"]
[Site "Batumi"]
[Date "2025.10.12"]
[Round "7.9"]
[White "Vitiugov, Nikita"]
[Black "Theodorou, Nikolas"]
[Result "1/2-1/2"]
[WhiteElo "2654"]
[BlackElo "2652"]
[PlyCount "96"]
[EventDate "2025.10.05"]
[EventType "team-swiss"]
[EventRounds "9"]
[EventCountry "GEO"]
[SourceTitle "CB42_2025"]
[SourceDate "2025.10.15"]
[SourceVersion "1"]
[SourceVersionDate "2025.10.15"]
[SourceQuality "1"]
[WhiteTeam "England"]
[BlackTeam "Greece"]
[WhiteTeamCountry "ENG"]
[BlackTeamCountry "GRE"]

1. d4 Nf6 2. c4 e6 3. Nc3 Bb4 4. Nf3 b6 5. Bd2 Bb7 6. g3 Bxc3 7. Bxc3 Ne4 8. Rc1 0-0 9. Bg2 d6 10. 0-0 Nxc3 11. Rxc3 Nd7 12. d5 e5 13. e4 a5 14. Qe2 Bc8 15. Nd2 Nc5 16. f4 exf4 17. gxf4 Re8 18. Re3 Qh4 19. b3 Bg4 20. Qe1 Qxe1 21. Rfxe1 Re7 22. a3 Rae8 23. b4 axb4 24. axb4 Na6 25. Rb3 f5 26. h3 Bh5 27. Ra1 fxe4 28. Nxe4 Be2 29. Nd2 Nb8 30. Ra7 Kf8 31. Rc3 Bh5 32. Nf1 Bg6 33. Ng3 Bb1 34. f5 Re1+ 35. Kh2 Nd7 36. Rxc7 Nf6 37. Rc6 h5 38. Bf3 h4 39. Ne2 Ne4 40. Re3 Nd2 41. Rxe8+ Kxe8 42. Nd4 Be4 43. Bxe4 Rxe4 44. Nb5 Re2+ 45. Kg1 Nf3+ 46. Kf1 Rd2 47. Nxd6+ Kd7 48. Ne4 Nh2+ 1/2-1/2

[Event "FIDE Grand Swiss"]
[Site "Samarkand"]
[Date "2025.09.15"]
[Round "11"]
[White "Theodorou, Nikolas"]
[Black "Praggnanandhaa, Rameshbabu"]
[Result "1/2-1/2"]
[WhiteElo "2646"]
[BlackElo "2779"]
[PlyCount "65"]
[EventDate "2025.09.04"]
[EventType "swiss"]
[EventRounds "11"]
[EventCountry "UZB"]
[SourceTitle "CB38_2025"]
[SourceDate "2025.09.17"]
[SourceVersion "1"]
[SourceVersionDate "2025.09.17"]
[SourceQuality "1"]

1. d4 Nf6 2. c4 e6 3. Nc3 Bb4 4. e3 0-0 5. Bd3 d5 6. Nf3 dxc4 7. Bxc4 b6 8. 0-0 Bb7 9. Qe2 Nbd7 10. a3 Bd6 11. e4 c5 12. dxc5 bxc5 13. Ba6 Bxa6 14. Qxa6 Qb8 15. Rd1 Bc7 16. Nb5 Bb6 17. Nd6 c4 18. h3 Bc5 19. e5 Nd5 20. Qxc4 Qc7 21. b3 Nxe5 22. Nxe5 Bxd6 23. Qxc7 Bxc7 24. Nc6 Rfc8 25. Rxd5 exd5 26. Ne7+ Kf8 27. Nxc8 Be5 28. Rb1 Rxc8 29. Bd2 Rc2 30. Bb4+ Kg8 31. Rd1 d4 32. Kf1 f6 33. Rd2 1/2-1/2

[Event "FIDE Grand Swiss"]
[Site "Samarkand"]
[Date "2025.09.09"]
[Round "6"]
[White "Gukesh, Dommaraju"]
[Black "Theodorou, Nikolas"]
[Result "0-1"]
[WhiteElo "2776"]
[BlackElo "2646"]
[PlyCount "94"]
[EventDate "2025.09.04"]
[EventType "swiss"]
[EventRounds "11"]
[EventCountry "UZB"]
[SourceTitle "CB38_2025"]
[SourceDate "2025.09.17"]
[SourceVersion "1"]
[SourceVersionDate "2025.09.17"]
[SourceQuality "1"]

1. e4 e5 2. Nf3 Nf6 3. Nxe5 d6 4. Nf3 Nxe4 5. d4 d5 6. Bd3 Bd6 7. 0-0 0-0 8. c4 c6 9. c5 Bc7 10. Nc3 Bf5 11. Ng5 Nxc3 12. bxc3 Qf6 13. g4 Bxd3 14. Qxd3 Qg6 15. Qxg6 hxg6 16. Re1 Na6 17. Rb1 b6 18. Rb3 Rfe8 19. Rxe8+ Rxe8 20. Ra3 Re1+ 21. Kg2 Rxc1 22. Rxa6 Bd8 23. Nf3 Kf8 24. Rxa7 bxc5 25. Ne5 Bf6 26. Rxf7+ Ke8 27. Ra7 Rxc3 28. Ra8+ Ke7 29. Nxc6+ Kd7 30. Ne5+ Bxe5 31. dxe5 d4 32. f4 d3 33. Ra6 c4 34. Ra7+ Ke8 35. Ra8+ Ke7 36. Ra7+ Ke8 37. Ra8+ Ke7 38. Ra7+ Kd8 39. Ra8+ Kd7 40. Ra7+ Kd8 41. Ra8+ Kc7 42. Ra7+ Kc6 43. Ra6+ Kc5 44. Rd6 Rc2+ 45. Kf3 d2 46. Rd8 c3 47. e6 Rc1 0-1

[Event "FIDE Grand Swiss"]
[Site "Samarkand"]
[Date "2025.09.07"]
[Round "4"]
[White "Theodorou, Nikolas"]
[Black "Nigmatov, Ortik"]
[Result "1-0"]
[WhiteElo "2646"]
[BlackElo "2488"]
[PlyCount "139"]
[EventDate "2025.09.04"]
[EventType "swiss"]
[EventRounds "11"]
[EventCountry "UZB"]
[SourceTitle "CB38_2025"]
[SourceDate "2025.09.17"]
[SourceVersion "1"]
[SourceVersionDate "2025.09.17"]
[SourceQuality "1"]

1. d4 d5 2. Nf3 Nf6 3. g3 c5 4. Bg2 cxd4 5. 0-0 h6 6. Bf4 e6 7. Nxd4 Nbd7 8. Nf3 Be7 9. c4 0-0 10. Nc3 Nb6 11. cxd5 Nfxd5 12. Nxd5 Nxd5 13. Be5 Bd7 14. Rc1 Rc8 15. Rxc8 Qxc8 16. Qb1 Qc4 17. e3 Rc8 18. Bd4 Qc2 19. Bxa7 Qxb1 20. Rxb1 Ra8 21. Bd4 Rxa2 22. Ne5 Be8 23. Rc1 f6 24. Nd3 Bc6 25. Nf4 Nxf4 26. gxf4 Bxg2 27. Kxg2 Bd6 28. Rc3 Ra4 29. Rd3 Bf8 30. Bc3 Ra6 31. Rd7 Rb6 32. Kf3 Rb5 33. Ke4 Bb4 34. Bd4 Bf8 35. Kd3 Rb3+ 36. Bc3 Rb5 37. b4 Rb6 38. Kc4 Rc6+ 39. Kb3 Rb6 40. e4 h5 41. f3 h4 42. h3 Kh7 43. Rd8 Kg8 44. Rd7 Kh7 45. e5 Kg6 46. Rc7 fxe5 47. fxe5 Kh7 48. Rf7 Kg8 49. Rd7 Kh7 50. Be1 Kg8 51. f4 Kh7 52. Rf7 Kg8 53. Rd7 Kh7 54. Rd8 Kg8 55. Kc4 Rc6+ 56. Kb5 Kf7 57. Bxh4 Rc3 58. Rd7+ Kg6 59. Rxb7 Rxh3 60. Bg5 Rb3 61. Kc4 Rb1 62. Rb8 Kf7 63. f5 Rg1 64. Rb7+ Kg8 65. Be3 Re1 66. Kd3 exf5 67. Rb8 Kf7 68. e6+ Kxe6 69. Rxf8 Rb1 70. Kc4 1-0

[Event "FIDE Grand Swiss"]
[Site "Samarkand"]
[Date "2025.09.05"]
[Round "2"]
[White "Theodorou, Nikolas"]
[Black "Samunenkov, Igor"]
[Result "1/2-1/2"]
[WhiteElo "2646"]
[BlackElo "2548"]
[PlyCount "73"]
[EventDate "2025.09.04"]
[EventType "swiss"]
[EventRounds "11"]
[EventCountry "UZB"]
[SourceTitle "CB38_2025"]
[SourceDate "2025.09.17"]
[SourceVersion "1"]
[SourceVersionDate "2025.09.17"]
[SourceQuality "1"]

1. d4 d5 2. Nc3 Nf6 3. Bf4 a6 4. e3 b5 5. Nf3 Bb7 6. a3 e6 7. b4 Nbd7 8. Bd3 Ne4 9. Bxe4 dxe4 10. Nd2 f5 11. Nb3 Bd6 12. Qh5+ g6 13. Qh6 Qf6 14. Bxd6 cxd6 15. Na5 Bd5 16. a4 bxa4 17. Rxa4 Nb6 18. Ra3 Kf7 19. h4 Qg7 20. Qf4 e5 21. Qh2 Rhd8 22. h5 exd4 23. exd4 Qxd4 24. Qf4 Ke6 25. hxg6 hxg6 26. Qg3 Rg8 27. 0-0 Qe5 28. Qe3 Rh8 29. Rd1 Nc4 30. Qg5 Nxa3 31. Nxd5 Kf7 32. Nc6 Qh2+ 33. Kf1 Qh1+ 34. Ke2 Qh5+ 35. Qxh5 gxh5 36. Nb6 Rac8 37. Rxd6 1/2-1/2

[Event "Fujairah op-A"]
[Site "Fujairah"]
[Date "2025.08.28"]
[Round "5"]
[White "Aditya, Mittal"]
[Black "Theodorou, Nikolas"]
[Result "1/2-1/2"]
[WhiteElo "2560"]
[BlackElo "2646"]
[PlyCount "207"]
[EventDate "2025.08.25"]
[EventType "swiss"]
[EventRounds "9"]
[EventCountry "UAE"]
[SourceTitle "CB36_2025"]
[SourceDate "2025.09.03"]
[SourceVersion "1"]
[SourceVersionDate "2025.09.03"]
[SourceQuality "1"]

1. c4 Nf6 2. Nc3 e5 3. Nf3 e4 4. Ng5 c6 5. Qa4 a6 6. Ngxe4 Nxe4 7. Nxe4 b5 8. Qc2 bxc4 9. b3 d5 10. Ng3 h5 11. h4 cxb3 12. axb3 Bd6 13. Qc3 Qe7 14. Bb2 f5 15. Qf3 Qf7 16. e3 f4 17. exf4 Bxf4 18. Ra4 Bd6 19. Be2 Qxf3 20. Bxf3 0-0 21. Nxh5 Ra7 22. 0-0 Rb7 23. Re1 Bf5 24. Ba3 Bxa3 25. Rxa3 Bc2 26. Bd1 Bxd1 27. Rxd1 g6 28. Ng3 Rf4 29. h5 gxh5 30. Nxh5 Rh4 31. Ng3 Rhb4 32. Re1 Rxb3 33. Rxb3 Rxb3 34. Re7 Rb4 35. Nh5 Kf8 36. Ra7 c5 37. Nf6 d4 38. Rc7 c4 39. g4 c3 40. dxc3 dxc3 41. g5 c2 42. Kg2 Rb6 43. Rxc2 Kf7 44. f4 a5 45. f5 Nc6 46. Nd7 Rb5 47. g6+ Kg7 48. f6+ Kxg6 49. Rxc6 Rd5 50. Nf8+ Kf7 51. Nh7 Kg6 52. Rc7 Rf5 53. Kg3 a4 54. Kg4 Rf1 55. Rg7+ Kh6 56. Ra7 Kg6 57. Rg7+ Kh6 58. Ng5 Rxf6 59. Ra7 Kg6 60. Rxa4 Rb6 61. Ne4 Rc6 62. Kf4 Rb6 63. Ra1 Rb2 64. Ra6+ Kf7 65. Nd6+ Ke7 66. Ke5 Re2+ 67. Ne4 Re1 68. Ra7+ Ke8 69. Rb7 Re2 70. Kd5 Re1 71. Nd6+ Kf8 72. Nf5 Ke8 73. Ra7 Rd1+ 74. Ke6 Re1+ 75. Kf6 Kd8 76. Ne7 Rf1+ 77. Ke6 Re1+ 78. Kd6 Rd1+ 79. Nd5 Ke8 80. Rb7 Kf8 81. Rb3 Re1 82. Rf3+ Kg7 83. Ne3 Ra1 84. Ke6 Ra6+ 85. Ke5 Ra5+ 86. Nd5 Ra1 87. Nf6 Ra5+ 88. Ke6 Ra6+ 89. Ke7 Ra7+ 90. Nd7 Kg6 91. Rf1 Kg5 92. Ke6 Ra6+ 93. Kd5 Ra5+ 94. Nc5 Kg4 95. Kd4 Ra8 96. Ne6 Ra4+ 97. Ke5 Ra5+ 98. Ke4 Ra4+ 99. Nd4 Kg5 100. Rc1 Kf6 101. Kd5 Ra5+ 102. Kd6 Ra6+ 103. Rc6 Rxc6+ 104. Nxc6 1/2-1/2

[Event "Fujairah op-A"]
[Site "Fujairah"]
[Date "2025.08.27"]
[Round "3"]
[White "Piorun, Kacper"]
[Black "Theodorou, Nikolas"]
[Result "0-1"]
[WhiteElo "2568"]
[BlackElo "2646"]
[PlyCount "58"]
[EventDate "2025.08.25"]
[EventType "swiss"]
[EventRounds "9"]
[EventCountry "UAE"]
[SourceTitle "CB36_2025"]
[SourceDate "2025.09.03"]
[SourceVersion "1"]
[SourceVersionDate "2025.09.03"]
[SourceQuality "1"]

1. d4 Nf6 2. c4 c5 3. d5 b5 4. cxb5 a6 5. bxa6 e6 6. dxe6 fxe6 7. Nc3 Bxa6 8. g3 d5 9. Bg2 Bd6 10. Nh3 0-0 11. 0-0 Nc6 12. Bf4 h6 13. Nxd5 Nxd5 14. Bxd5 Nd4 15. Bxe6+ Nxe6 16. Qd5 Qd7 17. Qxd6 Qf7 18. Rfe1 Nd4 19. Qxc5 Nxe2+ 20. Rxe2 Bxe2 21. Be5 Bf3 22. Nf4 g5 23. Qd6 gxf4 24. Qxh6 Qh7 25. Qg5+ Kf7 26. Rc1 Ke6 27. g4 Ra5 28. Re1 Kd7 29. h3 Rg8 0-1

[Event "Biel GM2 Final 58th"]
[Site "Biel"]
[Date "2025.07.23"]
[Round "2"]
[White "Theodorou, Nikolas"]
[Black "Jumabayev, Rinat"]
[Result "1/2-1/2"]
[WhiteElo "2625"]
[BlackElo "2546"]
[PlyCount "74"]
[EventDate "2025.07.22"]
[EventType "tourn"]
[EventRounds "3"]
[EventCountry "SUI"]
[EventCategory "15"]
[SourceTitle "CB31_2025"]
[SourceDate "2025.07.30"]
[SourceVersion "1"]
[SourceVersionDate "2025.07.30"]
[SourceQuality "1"]

1. d4 d5 2. Nf3 Nf6 3. Bf4 c5 4. e3 e6 5. Be2 Nc6 6. 0-0 Bd6 7. dxc5 Bxc5 8. c4 0-0 9. Nc3 dxc4 10. Bxc4 a6 11. a3 b5 12. Bd3 Be7 13. Ne4 Nd5 14. Rc1 Bb7 15. Bg3 Rc8 16. h4 h6 17. Bb1 Qb6 18. Nd6 Bxd6 19. Bxd6 Rfd8 20. Bc5 Qc7 21. Qc2 Nf6 22. b4 Ne7 23. Qb2 Bxf3 24. gxf3 Qb7 25. Qe5 Qxf3 26. Bxe7 Rxc1 27. Rxc1 Rd1+ 28. Rxd1 Qxd1+ 29. Kg2 Qxb1 30. Bxf6 Qg6+ 31. Bg5 hxg5 32. hxg5 Qd3 33. Kf3 Qd1+ 34. Kg3 Qg1+ 35. Kf3 Qd1+ 36. Kg3 Qg1+ 37. Kf3 Qd1+ 1/2-1/2

[Event "Biel GM2 Blitz 58th"]
[Site "Biel"]
[Date "2025.07.20"]
[Round "10"]
[White "Hakobyan, Aram"]
[Black "Theodorou, Nikolas"]
[Result "0-1"]
[WhiteElo "2621"]
[BlackElo "2625"]
[PlyCount "86"]
[EventDate "2025.07.20"]
[EventType "tourn (blitz)"]
[EventRounds "10"]
[EventCountry "SUI"]
[EventCategory "15"]
[SourceTitle "CB30_2025"]
[SourceDate "2025.07.23"]
[SourceVersion "1"]
[SourceVersionDate "2025.07.23"]
[SourceQuality "1"]

1. d4 e6 2. c4 b6 3. e4 Bb4+ 4. Bd2 Bxd2+ 5. Qxd2 d5 6. Bd3 Nc6 7. Ne2 dxe4 8. Bxe4 Bb7 9. Nbc3 Nf6 10. Bf3 Na5 11. Bxb7 Nxb7 12. 0-0 0-0 13. Rad1 Qe7 14. Nf4 Rad8 15. Qe3 Nd6 16. Qe2 Nf5 17. d5 e5 18. Nd3 e4 19. Ne1 Qe5 20. Nc2 Rfe8 21. Ne3 Nd4 22. Qd2 c5 23. Ne2 Nxe2+ 24. Qxe2 h5 25. h3 g6 26. a3 b5 27. cxb5 Nxd5 28. Nxd5 Rxd5 29. Rxd5 Qxd5 30. Rd1 Qb3 31. Rd7 e3 32. fxe3 Rxe3 33. Qf2 Qe6 34. Rxf7 Re2 35. Rf8+ Kg7 36. Qf4 g5 37. Qf5 Re1+ 38. Kh2 Qd6+ 39. g3 Re2+ 40. Qf2 Rxf2+ 41. Rxf2 h4 42. Rg2 Kg6 43. a4 Kh5 0-1

[Event "Biel GM2 Blitz 58th"]
[Site "Biel"]
[Date "2025.07.20"]
[Round "1"]
[White "Jumabayev, Rinat"]
[Black "Theodorou, Nikolas"]
[Result "0-1"]
[WhiteElo "2546"]
[BlackElo "2625"]
[PlyCount "88"]
[EventDate "2025.07.20"]
[EventType "tourn (blitz)"]
[EventRounds "10"]
[EventCountry "SUI"]
[EventCategory "15"]
[SourceTitle "CB30_2025"]
[SourceDate "2025.07.23"]
[SourceVersion "1"]
[SourceVersionDate "2025.07.23"]
[SourceQuality "1"]

1. Nf3 Nf6 2. g3 b6 3. Bg2 Bb7 4. 0-0 g6 5. d4 Bg7 6. c4 0-0 7. Qc2 c5 8. d5 b5 9. e4 bxc4 10. Rd1 e6 11. Nc3 exd5 12. exd5 d6 13. Nd2 Ba6 14. Bf1 Nbd7 15. Nxc4 Bxc4 16. Bxc4 Re8 17. Bf4 Ne5 18. Be2 h5 19. h3 Rb8 20. Rab1 Rb4 21. a3 Rd4 22. Be3 Rxd1+ 23. Rxd1 Qd7 24. Kg2 Rb8 25. f4 Neg4 26. hxg4 Nxg4 27. Bg1 Nh6 28. b3 h4 29. gxh4 Nf5 30. Bf2 Qe7 31. Ne4 Bd4 32. Bg4 Bxf2 33. Bxf5 Be3 34. Bh3 Qxh4 35. Qc3 Qxf4 36. Nf6+ Kf8 37. Rf1 Qg5+ 38. Ng4 Bd4 39. Qg3 Kg7 40. Rf3 Qd2+ 41. Nf2 Re8 42. Qxd6 Re5 43. Qd8 Rg5+ 44. Kh1 Qe1+ 0-1

[Event "Biel GM2 Blitz 58th"]
[Site "Biel"]
[Date "2025.07.20"]
[Round "9"]
[White "Theodorou, Nikolas"]
[Black "Dardha, Daniel"]
[Result "1-0"]
[WhiteElo "2625"]
[BlackElo "2627"]
[PlyCount "97"]
[EventDate "2025.07.20"]
[EventType "tourn (blitz)"]
[EventRounds "10"]
[EventCountry "SUI"]
[EventCategory "15"]
[SourceTitle "CB30_2025"]
[SourceDate "2025.07.23"]
[SourceVersion "1"]
[SourceVersionDate "2025.07.23"]
[SourceQuality "1"]

1. e4 d6 2. d4 Nf6 3. Nc3 e5 4. Nge2 Be7 5. g3 0-0 6. Bg2 c6 7. 0-0 b5 8. a3 Nbd7 9. h3 a5 10. g4 Ba6 11. b4 Nb6 12. Ng3 g6 13. Bh6 Re8 14. f4 Nc4 15. g5 Nd7 16. fxe5 Bxg5 17. Bxg5 Qxg5 18. Qf3 dxe5 19. Qxf7+ Kh8 20. Qxd7 Qxg3 21. Rf7 Qh4 22. d5 Rad8 23. Qxc6 Bc8 24. Nxb5 Ne3 25. Qf6+ Qxf6 26. Rxf6 axb4 27. axb4 Nxc2 28. Ra7 Rd7 29. Nd6 Rxa7 30. Nxe8 Kg8 31. b5 Bd7 32. Nd6 Ra1+ 33. Rf1 Ra2 34. b6 Ne3 35. Rf2 Ra1+ 36. Kh2 Rb1 37. b7 g5 38. Bf3 h5 39. Bxh5 Rb3 40. Bf7+ Kg7 41. Be6 Ba4 42. Rf7+ Kg6 43. Kg1 Rb2 44. Rf3 Rb1+ 45. Kf2 Nd1+ 46. Ke2 Rb2+ 47. Ke1 Rb6 48. Rf8 Rb2 49. b8Q 1-0

[Event "Biel GM2 Blitz 58th"]
[Site "Biel"]
[Date "2025.07.20"]
[Round "3"]
[White "Theodorou, Nikolas"]
[Black "Ma, Qun"]
[Result "1/2-1/2"]
[WhiteElo "2625"]
[BlackElo "2615"]
[PlyCount "162"]
[EventDate "2025.07.20"]
[EventType "tourn (blitz)"]
[EventRounds "10"]
[EventCountry "SUI"]
[EventCategory "15"]
[SourceTitle "CB30_2025"]
[SourceDate "2025.07.23"]
[SourceVersion "1"]
[SourceVersionDate "2025.07.23"]
[SourceQuality "1"]

1. d4 d5 2. c4 c6 3. Nf3 Nf6 4. Nc3 e6 5. g3 dxc4 6. Bg2 b5 7. 0-0 Bb7 8. e4 Be7 9. h4 h6 10. Qe2 Nbd7 11. Rd1 a6 12. Bf4 0-0 13. Bh3 Qe8 14. e5 Nd5 15. Nxd5 cxd5 16. Nh2 Bc8 17. Re1 Ra7 18. Ng4 f5 19. exf6 Nxf6 20. Ne5 Ne4 21. f3 Nd6 22. Bg4 Nf5 23. h5 Bd6 24. Rad1 Rf6 25. Kh2 b4 26. Ng6 Bxf4 27. Nxf4 Qf7 28. Qe5 Rb7 29. Kg2 a5 30. Ng6 c3 31. Rc1 Kh7 32. bxc3 b3 33. axb3 Rxb3 34. Re2 a4 35. Rcc2 Ba6 36. Rf2 a3 37. Kh2 Rxg6 38. hxg6+ Qxg6 39. Bh3 Bc4 40. Bxf5 exf5 41. Kg2 Rb1 42. Qf4 Qh5 43. Qh4 Qe8 44. Qf4 Qh5 45. Qh4 Qe8 46. Qf4 Bd3 47. Rc1 Rb2 48. Ra1 Rxf2+ 49. Kxf2 Qe2+ 50. Kg1 a2 51. g4 fxg4 52. fxg4 Bb1 53. Kh1 Qb2 54. Kg1 Qxa1 55. Qc1 Kg8 56. Kf2 Kf7 57. Kg3 Ke6 58. Kh4 Kd7 59. g5 Kc6 60. gxh6 gxh6 61. Qxh6+ Kb5 62. Qc1 Kc4 63. Qf1+ Kb3 64. Qd1+ Ka3 65. Qe1 Qb2 66. Qe7+ Kb3 67. Qb7+ Kc2 68. Qh7+ Kxc3 69. Qc7+ Kd2 70. Qh2+ Kc1 71. Qg1+ Kc2 72. Qh2+ Kb3 73. Qb8+ Kc3 74. Qc7+ Kd3 75. Qg3+ Kc4 76. Qc7+ Kd3 77. Qg3+ Kd2 78. Qh2+ Kc1 79. Qg1+ Kc2 80. Qh2+ Kc3 81. Qc7+ Kd3 1/2-1/2

[Event "Biel GM2 Blitz 58th"]
[Site "Biel"]
[Date "2025.07.20"]
[Round "7"]
[White "Theodorou, Nikolas"]
[Black "Navara, David"]
[Result "1-0"]
[WhiteElo "2625"]
[BlackElo "2662"]
[PlyCount "79"]
[EventDate "2025.07.20"]
[EventType "tourn (blitz)"]
[EventRounds "10"]
[EventCountry "SUI"]
[EventCategory "15"]
[SourceTitle "CB30_2025"]
[SourceDate "2025.07.23"]
[SourceVersion "1"]
[SourceVersionDate "2025.07.23"]
[SourceQuality "1"]

1. Nf3 d5 2. g3 Nf6 3. Bg2 e6 4. 0-0 Be7 5. d3 0-0 6. a4 c5 7. e4 Nc6 8. Qe2 dxe4 9. dxe4 e5 10. c3 h6 11. Nfd2 Qc7 12. Nc4 b6 13. f4 Bg4 14. Qf2 Be6 15. Nba3 a6 16. f5 Bxc4 17. Nxc4 b5 18. Ne3 Na5 19. axb5 axb5 20. Nd5 Nxd5 21. exd5 Qd6 22. Qe2 c4 23. Be3 Nb3 24. Rxa8 Rxa8 25. h4 Ra2 26. f6 Bxf6 27. Qg4 Ra8 28. Bxh6 Nc5 29. Be3 Qd7 30. Qxd7 Nxd7 31. d6 Ra6 32. Rd1 Kf8 33. Bb7 Ra2 34. Bc6 Ke8 35. Bxb5 Rxb2 36. Bc6 Kd8 37. Ra1 e4 38. Ra8+ Rb8 39. Bb6+ Kc8 40. Bxd7+ 1-0

[Event "Biel Challengers"]
[Site "Biel"]
[Date "2025.07.17"]
[Round "3"]
[White "Theodorou, Nikolas"]
[Black "Ma, Qun"]
[Result "1/2-1/2"]
[WhiteElo "2625"]
[BlackElo "2615"]
[PlyCount "69"]
[EventDate "2025.07.15"]
[EventType "tourn"]
[EventRounds "5"]
[EventCountry "SUI"]
[EventCategory "15"]
[SourceTitle "CB30_2025"]
[SourceDate "2025.07.23"]
[SourceVersion "1"]
[SourceVersionDate "2025.07.23"]
[SourceQuality "1"]

1. Nf3 d5 2. g3 g6 3. Bg2 Bg7 4. 0-0 Nf6 5. c4 c6 6. d4 0-0 7. Qa4 Nfd7 8. cxd5 Nb6 9. Qd1 cxd5 10. Nc3 Nc6 11. h3 Bf5 12. Bf4 Rc8 13. Rc1 Qd7 14. g4 Be4 15. Nxe4 dxe4 16. Ne5 Nxe5 17. dxe5 Rxc1 18. Qxc1 Nd5 19. Bg3 Qe6 20. Bxe4 Bxe5 21. Qc4 Bxg3 22. Bxd5 Qb6 23. Qb3 Be5 24. Qxb6 axb6 25. b4 Rd8 26. Rd1 e6 27. Bb3 Rxd1+ 28. Bxd1 b5 29. e3 Bc3 30. Be2 Bxb4 31. Bxb5 Kg7 32. Kg2 Kg8 33. Kg1 Kg7 34. Kg2 Kg8 35. Kg1 1/2-1/2

[Event "Biel GM2 Rapid 58th"]
[Site "Biel"]
[Date "2025.07.13"]
[Round "2"]
[White "Theodorou, Nikolas"]
[Black "Navara, David"]
[Result "1-0"]
[WhiteElo "2625"]
[BlackElo "2662"]
[PlyCount "57"]
[EventDate "2025.07.13"]
[EventType "tourn (rapid)"]
[EventRounds "5"]
[EventCountry "SUI"]
[EventCategory "15"]
[SourceTitle "CB30_2025"]
[SourceDate "2025.07.23"]
[SourceVersion "1"]
[SourceVersionDate "2025.07.23"]
[SourceQuality "1"]

1. d4 Nf6 2. Nf3 d5 3. c4 e6 4. g3 Be7 5. Bg2 0-0 6. Nc3 Nbd7 7. Ne5 c6 8. 0-0 Nxe5 9. dxe5 Nd7 10. cxd5 exd5 11. f4 Bc5+ 12. Kh1 a5 13. Qc2 Qe7 14. b3 f6 15. Bb2 fxe5 16. fxe5 Rxf1+ 17. Rxf1 Nb6 18. e4 Be6 19. Ne2 Ba3 20. Bxa3 Qxa3 21. Nf4 Qe7 22. Qf2 d4 23. Nxe6 Qxe6 24. Bh3 Qe7 25. Qxd4 c5 26. Qd6 Qxd6 27. exd6 Re8 28. d7 Rd8 29. e5 1-0

[Event "GRE-chT 52nd"]
[Site "Loutraki"]
[Date "2025.07.03"]
[Round "6.1"]
[White "Theodorou, Nikolas"]
[Black "Kourkoulos Arditis, Stamatis"]
[Result "1-0"]
[WhiteElo "2625"]
[BlackElo "2580"]
[PlyCount "53"]
[EventDate "2025.06.28"]
[EventType "team-swiss"]
[EventRounds "7"]
[EventCountry "GRE"]
[SourceTitle "CB28_2025"]
[SourceDate "2025.07.09"]
[SourceVersion "1"]
[SourceVersionDate "2025.07.09"]
[SourceQuality "1"]
[WhiteTeam "Irakleiou"]
[BlackTeam "Kallitheas"]
[WhiteTeamCountry "GRE"]
[BlackTeamCountry "GRE"]

1. Nf3 d5 2. g3 Bg4 3. Ne5 Bf5 4. c4 f6 5. Qa4+ c6 6. Nf3 d4 7. Qb3 Bc8 8. e3 e5 9. exd4 e4 10. Nh4 Qxd4 11. d3 g5 12. Ng2 Na6 13. Be3 Bb4+ 14. Nc3 Qd6 15. 0-0-0 Bxc3 16. Qxc3 Bg4 17. Rd2 exd3 18. Bxd3 Qb4 19. Qd4 Bh3 20. Bxg5 fxg5 21. Re1+ Kf8 22. Ne3 Nc5 23. Bc2 Qa5 24. a3 Re8 25. Qxh8 Bf5 26. Red1 Bxc2 27. Rxc2 1-0

[Event "Tashkent UzChess Challengers 2nd"]
[Site "Tashkent"]
[Date "2025.06.27"]
[Round "9"]
[White "Ma, Qun"]
[Black "Theodorou, Nikolas"]
[Result "0-1"]
[WhiteElo "2630"]
[BlackElo "2613"]
[PlyCount "142"]
[EventDate "2025.06.18"]
[EventType "tourn"]
[EventRounds "9"]
[EventCountry "UZB"]
[EventCategory "13"]
[SourceTitle "CB27_2025"]
[SourceDate "2025.07.02"]
[SourceVersion "1"]
[SourceVersionDate "2025.07.02"]
[SourceQuality "1"]

1. e4 e5 2. Nf3 Nc6 3. Bb5 Nge7 4. Nc3 Nd4 5. Nxe5 c6 6. Be2 d5 7. 0-0 Ng6 8. f4 Bd6 9. Nf3 Nxe2+ 10. Qxe2 d4 11. e5 Be7 12. Ne4 Nxf4 13. Qf2 d3 14. Ne1 Ne2+ 15. Kh1 Qd5 16. cxd3 Nxc1 17. Rxc1 Be6 18. Nf3 h6 19. b3 Qxd3 20. Nc5 Bxc5 21. Qxc5 Qd5 22. Qe3 0-0 23. Rc4 Rad8 24. Qxa7 Qb5 25. Nd4 Qxe5 26. Nxe6 fxe6 27. Rcc1 Rxf1+ 28. Rxf1 Qe2 29. Rg1 Rd7 30. d4 Qe4 31. h3 Qxd4 32. Qb8+ Kh7 33. Rf1 Qe3 34. Kh2 Qd3 35. Rf3 Qd6+ 36. Qxd6 Rxd6 37. Rf7 b6 38. a4 Kg6 39. Ra7 Rd3 40. Rc7 Rxb3 41. Rxc6 Kf6 42. Rc7 h5 43. Ra7 h4 44. a5 bxa5 45. Rxa5 g5 46. Kg1 e5 47. Ra8 Rb2 48. Rf8+ Ke6 49. Rg8 Kf5 50. Rf8+ Ke4 51. Rg8 Ke3 52. Rxg5 e4 53. g3 Kf3 54. gxh4 Rb1+ 55. Kh2 Rb2+ 56. Kg1 Rb1+ 57. Kh2 e3 58. Rg3+ Ke4 59. Rg8 e2 60. Re8+ Kf3 61. Rf8+ Ke3 62. Re8+ Kd3 63. Kg3 e1Q+ 64. Rxe1 Rxe1 65. Kf4 Rf1+ 66. Kg5 Ke4 67. h5 Ke5 68. Kg6 Ke6 69. h6 Rg1+ 70. Kh7 Kf7 71. h4 Rg6 0-1

[Event "Tashkent UzChess Challengers 2nd"]
[Site "Tashkent"]
[Date "2025.06.25"]
[Round "7"]
[White "Abasov, Nijat Azad"]
[Black "Theodorou, Nikolas"]
[Result "1/2-1/2"]
[WhiteElo "2594"]
[BlackElo "2613"]
[PlyCount "68"]
[EventDate "2025.06.18"]
[EventType "tourn"]
[EventRounds "9"]
[EventCountry "UZB"]
[EventCategory "13"]
[SourceTitle "CB27_2025"]
[SourceDate "2025.07.02"]
[SourceVersion "1"]
[SourceVersionDate "2025.07.02"]
[SourceQuality "1"]

1. e4 d6 2. d4 Nf6 3. Nc3 g6 4. Be3 Bg7 5. Qd2 a6 6. a4 d5 7. e5 Ng4 8. Bf4 c5 9. h3 cxd4 10. Qxd4 Nc6 11. Qxd5 Qb6 12. Qd2 Ngxe5 13. Nd5 Qd8 14. Be3 Be6 15. Rd1 0-0 16. f4 Nd7 17. c4 Nf6 18. Bb6 Qc8 19. Ne2 Ne4 20. Qe3 f5 21. Nec3 Bxd5 22. Nxd5 e6 23. Nc7 e5 24. g3 exf4 25. gxf4 Nb4 26. Qb3 a5 27. Bg2 Nc5 28. Bxc5 Qxc7 29. Bd6 Rfe8+ 30. Kf1 Qc8 31. Bf3 Bf8 32. c5+ Qe6 33. Qxe6+ Rxe6 34. Be5 Bxc5 1/2-1/2

[Event "Tashkent UzChess Challengers 2nd"]
[Site "Tashkent"]
[Date "2025.06.19"]
[Round "1"]
[White "Theodorou, Nikolas"]
[Black "Hong, Andrew Z"]
[Result "1/2-1/2"]
[WhiteElo "2613"]
[BlackElo "2589"]
[PlyCount "149"]
[EventDate "2025.06.18"]
[EventType "tourn"]
[EventRounds "9"]
[EventCountry "UZB"]
[EventCategory "13"]
[SourceTitle "CB27_2025"]
[SourceDate "2025.07.02"]
[SourceVersion "1"]
[SourceVersionDate "2025.07.02"]
[SourceQuality "1"]

1. Nf3 Nf6 2. g3 c5 3. Bg2 Nc6 4. 0-0 e5 5. d3 d5 6. e4 d4 7. a4 h6 8. Na3 Be6 9. Nh4 Nd7 10. Qe1 Be7 11. Nf5 0-0 12. Kh1 Kh8 13. Bd2 Bf6 14. Qd1 Ne7 15. Nd6 Qb8 16. Ndc4 Nb6 17. Nxb6 axb6 18. b3 Ng8 19. f4 Bd8 20. Nc4 Bc7 21. fxe5 Bxc4 22. bxc4 Bxe5 23. Qb1 Qd6 24. a5 Ra6 25. Ra2 Nf6 26. axb6 Rfa8 27. Rxa6 Rxa6 28. Bh3 Rxb6 29. Qd1 Ra6 30. Bf4 g5 31. Bxe5 Qxe5 32. Qb1 Qc7 33. e5 g4 34. Bg2 Rb6 35. Qe1 Nd7 36. Rxf7 Qxe5 37. Qc1 Qg5 38. Qa1 Ra6 39. Qd1 Ne5 40. Rxb7 Qf5 41. Rb8+ Kg7 42. Rb7+ Kh8 43. Qb1 Rf6 44. Qb5 Nf7 45. Qe8+ Kg7 46. Rb8 Re6 47. Qf8+ Kf6 48. Re8 Rxe8 49. Qxe8 Qf2 50. Qc6+ Kg7 51. Qe6 h5 52. Qe7 Kh6 53. h4 gxh3 54. Qf8+ Kg6 55. Be4+ Kf6 56. Bd5 Qf1+ 57. Kh2 Qe2+ 58. Kxh3 Qg4+ 59. Kh2 Qe2+ 60. Kh3 Qg4+ 61. Kh2 Qe2+ 62. Bg2 Qe5 63. Qa8 h4 64. Qf3+ Ke7 65. Qf4 hxg3+ 66. Kxg3 Kd6 67. Bd5 Qxf4+ 68. Kxf4 Ne5 69. Be4 Nd7 70. Bg2 Nb8 71. Bb7 Kc7 72. Bf3 Kd6 73. Bb7 Kc7 74. Bf3 Kd6 75. Ke4 1/2-1/2